| 000 | 00342nam a22001337a 4500 | ||
|---|---|---|---|
| 020 | _a0-521-23671-1 | ||
| 082 | _a621.56 GOS'P | ||
| 100 |
_aGOSNEY, W. B _974124 |
||
| 245 | _aPRINCIPLES OF REFRIGEARTION | ||
| 260 |
_aLONDON _bCOMBRIDGE _c1982 |
||
| 300 | _a666P | ||
| 650 |
_aREFERIGERATION AND REFRIGERATING MACHINERY _974125 |
||
| 942 | _cBK | ||
| 999 |
_c579696 _d579696 |
||